ბათუმის შოთა რუსთაველის სახელმწიფო უნივერსიტეტის ბიბლიოთეკა

ხმაური და მძინვარება : (ბიბ.ჩანაწერი № 56014)

000 -ლიდერი
ფიქსირებული სიგრძის საკონტროლო ველი 01175nam a2200265Ia 4500
001 - საკონტროლო ნომერი
საკონტროლო ველი 23114
003 - საკონტროლო ნომრის იდენტიფიკატორი
საკონტროლო ველი GE_BSU
005 - ბოლო ოპერაციის თარიღი და დრო
საკონტროლო ველი 20230710152239.0
008 - ფიქსირებული სიგრძის მონაცემთა ელემენტები - ზოგადი ინფორმაცია
ფიქსირებული სიგრძის საკონტროლო ველი 181216s1984||||ge |||||||||||||| ||geo||
040 ## - კატალოგიზაციის წყარო
Transcribing agency GE_BSU
041 ## - ენის კოდი
Language code of text/sound track or separate title geo
080 ## - უნივერსალური ათობითი კლასიფიკაციის ინდექსი
Universal Decimal Classification number 821.111(73)-31 ფ-79
100 ## - მთავარი ჩანაწერი - პიროვნების სახელი
Personal name ფოლკნერი, უილიამ
9 (RLIN) 14793
245 ## - ცნობა სათაურის შესახებ
Title ხმაური და მძინვარება :
Remainder of title რომანი /
Statement of responsibility, etc ინგლ. თარგმანი და ბოლოსიტყვ. ზ. კილაძის ; რედ. ი. ლეჟავა.
264 ## - წარმოების, გამოცემის, დისტრიბუციის და სხვა ცნობები
გამოცემის, წარმოების, დისტრიბუციის... ადგილი თბილისი :
გამოცემის, წარმოების, დისტრიბუციის... სახელწოდება მერანი,
გამოცემის, წარმოების, დისტრიბუციის... თარიღი 1984.
300 ## - ფიზიკური აღწერა
Extent 317 გვ. ;
Dimensions 20 სმ.
500 ## - ზოგადი შენიშვნა
General note გაშლილი თავფურცელი ინგლისურ ენაზე
520 ## - SUMMARY, ETC.
Summary, etc გაშლ. თავფ. ინგლ. ენ.
653 ## - INDEX TERM--UNCONTROLLED
Uncontrolled term ხმაური და მძინვარება
653 ## - INDEX TERM--UNCONTROLLED
Uncontrolled term რომანი
700 ## - ADDED ENTRY--PERSONAL NAME
Personal name კილაძე, ზ.
Relator term მთარგმნელი
9 (RLIN) 16222
700 ## - ADDED ENTRY--PERSONAL NAME
Personal name ლეჟავა, ი.
Relator term რედაქტორი
9 (RLIN) 19117
942 ## - ADDED ENTRY ELEMENTS (KOHA)
Koha item type წიგნი
Source of classification or shelving scheme
ეგზემპლარები
ჩამოწერის სტატუსი დაკარგული ეგზემპლარის სტატუსი კლასიფიკაციის წყარო ან თაროზე გაწყობის სქემა დაზიანების სტატუსი არ გაიცემა მუდმივი მდებარეობა (დაცვის ადგილი) ამჟამინდელი ადგილსამყოფელი თაროზე განთავსების ადგილი შეძენის თარიღი ღირებულება, შესყიდვის ნორმალური ფასი სრული შენახვის შიფრი შტრიხკოდი ბოლო ოპერაციის თარიღი ეგზემპლარის მიმდევრობითი ნომერი (კეტერი?) ფასის ძალაში შესვლის თარიღი ეგზემპლარის სახეობა საჯარო შენიშვნა
          ბათუმის შოთა რუსთაველის სახელმწიფო უნივერსიტეტის მთავარი ბიბლიოთეკა ბათუმის შოთა რუსთაველის სახელმწიფო უნივერსიტეტის მთავარი ბიბლიოთეკა წიგნსაცავი 2018-12-17 3.20 821.111(73)-31 ფ-79 58528 2018-12-17 58528 2018-12-17 წიგნი 3.20 ₾.